[Event "DOM-ch"]
[Site "Santo Domingo"]
[Date "2019.05.11"]
[Round "10"]
[White "Zorrilla Jimenez, Wilber Edwin"]
[Black "Diaz, Eugenio Daniel"]
[Result "1-0"]
[WhiteElo "2048"]
[BlackElo "1868"]
[PlyCount "87"]
[EventDate "2019.04.26"]
[EventType "swiss"]
[EventRounds "11"]
[EventCountry "DOM"]
[SourceTitle "CBM 190 Extra"]
[Source "ChessBase"]
[SourceDate "2019.07.15"]
[SourceVersion "1"]
[SourceVersionDate "2019.07.15"]
[SourceQuality "1"]

1. d4 e6 2. Nf3 d5 3. Bf4 c5 4. e3 Nc6 5. c3 Nf6 6. Bd3 Qb6 7. Qc1 Be7 8. 0-0 Nh5 9. Be5 Nxe5 10. dxe5 g6 11. Nbd2 Bd7 12. e4 0-0 13. exd5 exd5 14. c4 d4 15. Ne4 f5 16. exf6 Nxf6 17. Ng3 Qc7 18. Re1 Bd6 19. Qg5 Bf4 20. Qh4 Bd6 21. Ng5 Kg7 22. N3e4 h6 23. Nxd6 Qxd6 24. Nf3 Rae8 25. Rad1 Bg4 26. Qg3 Qxg3 27. hxg3 b6 28. Rb1 Nd7 29. Nh4 g5 30. Ng6 Rxe1+ 31. Rxe1 Rf7 32. Ne7 Kf6 33. Nd5+ Kg7 34. Ne7 Nf6 35. f3 Bd7 36. g4 h5 37. gxh5 g4 38. Bg6 Rf8 39. f4 Nh7 40. Nd5 Bf5 41. Re7+ Kg8 42. Rxh7 Bxg6 43. hxg6 Re8 44. Nf6+ 1-0

[Event "DOM-ch"]
[Site "Santo Domingo"]
[Date "2019.05.10"]
[Round "9"]
[White "Diaz, Eugenio Daniel"]
[Black "Jimenez Jimenez, Leandro"]
[Result "0-1"]
[WhiteElo "1868"]
[BlackElo "1990"]
[PlyCount "99"]
[EventDate "2019.04.26"]
[EventType "swiss"]
[EventRounds "11"]
[EventCountry "DOM"]
[SourceTitle "CBM 190 Extra"]
[Source "ChessBase"]
[SourceDate "2019.07.15"]
[SourceVersion "1"]
[SourceVersionDate "2019.07.15"]
[SourceQuality "1"]

1. d4 Nf6 2. c4 e6 3. Nf3 Bb4+ 4. Bd2 Qe7 5. a3 Bxd2+ 6. Qxd2 b6 7. g3 Bb7 8. Bg2 0-0 9. Nc3 d6 10. 0-0 Ne4 11. Nxe4 Bxe4 12. b4 Nd7 13. Rfd1 f5 14. e3 Rf7 15. Ne1 Raf8 16. Nd3 Bxg2 17. Kxg2 Nf6 18. f3 g5 19. f4 Ne4 20. Qc2 Rg7 21. Rf1 Kh8 22. d5 exd5 23. cxd5 Nf6 24. Rae1 Qe4+ 25. Kg1 Nxd5 26. Qd2 gxf4 27. Nxf4 Nf6 28. Re2 Ng4 29. Qc3 Ne5 30. Ne6 Nf3+ 31. Rxf3 Qxe6 32. e4 Kg8 33. Rf4 Rg4 34. Rxg4+ fxg4 35. Qxc7 Rc8 36. Qb7 Re8 37. Rf2 Re7 38. Qb8+ Re8 39. Qxa7 d5 40. e5 d4 41. Rf6 Qxe5 42. Qf7+ Kh8 43. Rxb6 d3 44. Qf1 Qe3+ 45. Qf2 d2 46. Rd6 Qe1+ 47. Kg2 Qe4+ 48. Kg1 Qb1+ 49. Kg2 Qe4+ 50. Kf1 0-1

[Event "DOM-ch"]
[Site "Santo Domingo"]
[Date "2018.05.04"]
[Round "9"]
[White "Moore Guzman, Fernando Augusto"]
[Black "Diaz, Eugenio Daniel"]
[Result "1-0"]
[WhiteElo "1976"]
[BlackElo "1934"]
[PlyCount "53"]
[EventDate "2018.04.20"]
[EventType "swiss"]
[EventRounds "11"]
[EventCountry "DOM"]
[SourceTitle "CBM 184 Extra"]
[Source "ChessBase"]
[SourceDate "2018.06.28"]
[SourceVersion "1"]
[SourceVersionDate "2018.06.28"]
[SourceQuality "1"]

1. f4 d5 2. Nf3 c5 3. e3 Nf6 4. b3 h6 5. Bb2 Nc6 6. d4 Bf5 7. Bd3 Bxd3 8. Qxd3 cxd4 9. Nxd4 e6 10. Nxc6 bxc6 11. Nd2 Bd6 12. 0-0 Qb6 13. h3 Rc8 14. Kh2 Bb4 15. Bxf6 gxf6 16. c3 Bd6 17. Rac1 Qc7 18. Kh1 e5 19. e4 Qb7 20. exd5 cxd5 21. c4 Rd8 22. fxe5 fxe5 23. cxd5 Bb8 24. Ne4 Ke7 25. Qf3 Rhf8 26. Qf6+ Kd7 27. Nc5+ 1-0

[Event "DOM-ch"]
[Site "Santo Domingo"]
[Date "2018.04.28"]
[Round "6"]
[White "Diaz, Eugenio Daniel"]
[Black "Ramirez Paniagua, Luis Enrique"]
[Result "0-1"]
[WhiteElo "1934"]
[BlackElo "1794"]
[PlyCount "73"]
[EventDate "2018.04.20"]
[EventType "swiss"]
[EventRounds "11"]
[EventCountry "DOM"]
[SourceTitle "CBM 184 Extra"]
[Source "ChessBase"]
[SourceDate "2018.06.28"]
[SourceVersion "1"]
[SourceVersionDate "2018.06.28"]
[SourceQuality "1"]

1. d4 d5 2. c4 Nf6 3. Nc3 e6 4. e3 Be7 5. Nf3 b6 6. b3 Bb7 7. Bd3 0-0 8. Qc2 Nc6 9. a3 g6 10. Bb2 Na5 11. c5 Rb8 12. b4 Nc4 13. Bc1 Ra8 14. Bd2 Nxd2 15. Qxd2 a5 16. 0-0 Nh5 17. Qc2 Kg7 18. g4 Nf6 19. Ne5 axb4 20. axb4 c6 21. f4 b5 22. Qb2 Qc7 23. Qf2 Rxa1 24. Rxa1 Nd7 25. Nxd7 Qxd7 26. Ra7 Ra8 27. Qa2 Qc8 28. Qa5 Rxa7 29. Qxa7 Qa8 30. Qxa8 Bxa8 31. Kf2 Bh4+ 32. Ke2 f5 33. h3 Bb7 34. Bxb5 cxb5 35. Kd2 Bc6 36. Na2 Kf6 37. Nc1 0-1

[Event "Santo Domingo op11"]
[Site "Santo Domingo"]
[Date "2017.11.19"]
[Round "4"]
[White "Diaz, Eugenio Daniel"]
[Black "Pena Marcano, Jose Carlos"]
[Result "0-1"]
[WhiteElo "1963"]
[BlackElo "1753"]
[PlyCount "108"]
[EventDate "2017.11.17"]
[EventType "swiss"]
[EventRounds "8"]
[EventCountry "DOM"]
[SourceTitle "CBM 181 Extra"]
[Source "ChessBase"]
[SourceDate "2017.12.12"]
[SourceVersion "1"]
[SourceVersionDate "2017.12.12"]
[SourceQuality "1"]

1. d4 e6 2. e4 Nf6 3. e5 Nd5 4. c4 Bb4+ 5. Bd2 Bxd2+ 6. Qxd2 Ne7 7. Nf3 d6 8. Nc3 dxe5 9. Nxe5 b6 10. Rd1 0-0 11. Be2 Bb7 12. 0-0 Nd7 13. f4 a6 14. Qe3 Nf5 15. Qh3 Nxe5 16. fxe5 Nxd4 17. Bd3 h6 18. Rf4 c5 19. Rg4 Kh8 20. Rf1 f5 21. exf6 Rxf6 22. Rgf4 Rxf4 23. Rxf4 Qg5 24. Rf1 Rd8 25. Ne4 Qe7 26. Qh5 Nf5 27. Bb1 Rf8 28. Ng3 Bc8 29. Qg6 Rf6 30. Nxf5 exf5 31. Qh5 Kh7 32. h3 g6 33. Qh4 Re6 34. Qg3 Re2 35. Kh2 Bb7 36. Rf2 Rxf2 37. Qxf2 Qe5+ 38. g3 Kg7 39. h4 Qd6 40. Qf4 Qc6 41. Qf1 Qe6 42. Bd3 Kf6 43. g4 Qe5+ 44. Kh3 Qe3+ 45. Kh2 f4 46. g5+ hxg5 47. hxg5+ Kg7 48. Qg1 Qxd3 49. Qg4 Qg3+ 50. Qxg3 fxg3+ 51. Kxg3 Be4 52. Kf4 Bb1 53. a3 Ba2 54. Ke5 Bxc4 0-1

[Event "Santo Domingo Guzman Cup"]
[Site "Santo Domingo"]
[Date "2017.10.29"]
[Round "8"]
[White "Perez, Lewis Omar"]
[Black "Diaz, Eugenio Daniel"]
[Result "1/2-1/2"]
[WhiteElo "2014"]
[BlackElo "1963"]
[PlyCount "54"]
[EventDate "2017.10.20"]
[EventType "swiss"]
[EventRounds "8"]
[EventCountry "DOM"]
[SourceTitle "CBM 181 Extra"]
[Source "ChessBase"]
[SourceDate "2017.12.12"]
[SourceVersion "1"]
[SourceVersionDate "2017.12.12"]
[SourceQuality "1"]

1. c4 Nf6 2. g3 e6 3. Nc3 d5 4. e3 Be7 5. Nf3 c5 6. cxd5 exd5 7. d3 Nc6 8. Bg2 0-0 9. 0-0 b6 10. b3 Bb7 11. d4 Ba6 12. Re1 Nb4 13. Ne5 Qc7 14. Bb2 Rad8 15. Rc1 Nd7 16. Nxd5 Nxd5 17. Bxd5 Nxe5 18. dxe5 Bb7 19. e4 Rd7 20. e6 Rdd8 21. exf7+ Kh8 22. Qg4 Bf6 23. Bxf6 gxf6 24. Qf5 Rxf7 25. Bxf7 Qxf7 26. e5 Qd5 27. Qxf6+ Kg8 1/2-1/2